Départements français avec moins de 200 communes - Mort Subite - Statistiques

Statistiques générales
  • Ce quiz a été pris 67 fois
  • Le résultat moyen est 4 sur 10
Answers on the Grid
Answers color-coded by a green-red scale on the quiz's grid according to % correct below.
Haute-Vienne
Val-d'Oise
Maine-et-Loire
Lozère
Corse-du-Sud
Bouches-du-Rhône
Territoire de Belfort
Hauts-de-Seine
Martinique
Guadeloupe
Pyrénées-Orientales
Creuse
Corrèze
Yvelines
Cher
Haut-Rhin
 
Statistiques - réponses
Réponse % Correct
32 communes Guadeloupe
75%
101 communes Territoire de Belfort
70%
34 communes Martinique
59%
124 communes Corse-du-Sud
52%
36 communes Hauts-de-Seine
50%
183 communes Val-d'Oise
50%
152 communes Lozère
36%
119 communes Bouches-du-Rhône
27%
176 communes Maine-et-Loire
14%
195 communes Haute-Vienne
7%
Aucun quiz correspondant
Distribution des résultats
% des personnes avec chaque résultat
Percentile par nombre de réponses
Votre historique - résultats
Vous n’avez pas pris ce quiz